Física : para segundo año de escuelas técnicas /
Guardado en:
| Autor Principal: | |
|---|---|
| Formato: | Libro |
| Publicado: |
Buenos Aires :
Troquel,
1978
|
| Edición: | 11a. ed. |
| Materias: | |
| Etiquetas: |
Agregar Etiqueta
Sin Etiquetas, Sea el primero en etiquetar este registro!
|
| LEADER | 01110nam a22002295a 4500 | ||
|---|---|---|---|
| 001 | CEM.cems004405 | ||
| 005 | 20060216000000.0 | ||
| 008 | 130507s1978##################000#0#####d | ||
| 003 | CEMS | ||
| 082 | 0 | 4 | |a 530 |
| 100 | 1 | |a Miguel, Carlos R. | |
| 245 | 1 | 0 | |a Física : |b para segundo año de escuelas técnicas / |
| 250 | |a 11a. ed. | ||
| 260 | |a Buenos Aires : |b Troquel, |c 1978 | ||
| 300 | |a 448 p. | ||
| 505 | 0 | |a Acustica. Propagación de la luz. Fotometria. Espejos esfericos. Refracción de la luz. Dispersion y recomposición de la luz. Lentes convergentes y divergentes. El ojo desde el punto de vista optico. Magnetismo. Electrostatica. Potencial electrico. Corriente electrica. Ley de Ohm. Energia de la corriente electrica. Pilas y acumuladores. Campo magnetico creado por corrientes electricas. Inducción electromagnetica. Corriente continua y alterna. Descargas electricas oscilantes. Descargas a traves de gases | |
| 653 | |a Cinematica | ||
| 653 | |a Energia | ||
| 653 | |a Física | ||
| 653 | |a Hidrostatica | ||
| 653 | |a Leyes de newton | ||
| 859 | |a CEMS |b BIB. CEMS - 11 de abril |h 530 |i M588-5a11 |p 12394.83 |t Ej.1 | ||
